=LDR 00000nam 2200000 4500 =001 INLIS000000000022857 =005 20130612121554 =008 ***********************************Ind** =035 ##$$0010-061300000022857 =041 ##$$a Ind =082 ##$$a 617.96 =090 ##$$a 617.96, Dob-p =100 ##$$a Dobson, Michael B =245 ##$$a Penuntun Praktis Anestesi (Anaesthesia at the District Hospital), Michael B.Dobson, Alih Bahasa ; Drs. Med Adji Dharma, Editor ; dr. Devi H. Ronardy =260 ##$$a 1994 $b Jakarta =300 ##$$a 144 hlm., ilus, 30 cm =650 ##$$a Anestesia =700 ##$$a Dharma, Med Adji, Ronardy, Devi H =850 ##$$a NBPNMAT